00741nam a22002297a 450000500170000001000130001702000220003003500130005203700160006504000120008108200110009310000260010424500410013026000380017127000130020930000200022265000420024265000340028494200200031899900190033895201540035720170124110127.0 aA-123122 c00.00a0582780053 aA-123122 bCen Lib/Ret aDPLbEN aNbSEL aSelvon, Samuel931680 aWays of sunlight /cby Samuel Selvon bLongman CaribbeanaTrinidadc1973 bTrinidad a188p.c19cm(Hb) aCaribbean literature (English)931681 aShort stories, English931682 2ddccENhNmSEL c131405d131405 04104070aLbLd2015-07-14eCen Lib/Retg0.00l0oN SELpA-123122r2015-07-14 00:00:00t1v0.00w2015-07-14yENzW/d List No. 6852/12 : dtd 21/7/20